[Event "VIE-chT"]
[Site "Ho Chi Minh City"]
[Date "2017.07.28"]
[Round "8.53"]
[White "Tran, Hoang Denny Dat"]
[Black "Tran, Duy Tien Nam"]
[Result "1-0"]
[WhiteElo "2027"]
[BlackElo "2008"]
[PlyCount "92"]
[EventDate "2017.07.24"]
[EventType "team-swiss"]
[EventRounds "9"]
[EventCountry "VIE"]
[SourceTitle "EXT 2019"]
[Source "ChessBase"]
[SourceDate "2018.10.10"]
[SourceVersion "1"]
[SourceVersionDate "2018.10.10"]
[SourceQuality "1"]

1. e4 g6 2. d4 d6 3. Nf3 Bg7 4. Nc3 Nf6 5. Bc4 e6 6. Bg5 h6 7. Be3 Nbd7 8. 0-0 0-0 9. h3 c6 10. Bb3 b5 11. a3 Bb7 12. Qc1 g5 13. Rd1 a6 14. Nh2 Qe7 15. h4 Nh7 16. hxg5 hxg5 17. Ba2 c5 18. dxc5 dxc5 19. f3 c4 20. Ne2 f5 21. exf5 exf5 22. Bd4 Ne5 23. Re1 Qc7 24. b3 Rae8 25. bxc4 bxc4 26. Rb1 Bc6 27. Bxe5 Bxe5 28. Bxc4+ Kg7 29. Nf1 a5 30. Bd3 Qf7 31. Ne3 Bd7 32. Rb7 Qe6 33. Rd1 Kg6 34. Rxd7 Bf4 35. Nxf4+ gxf4 36. Bxf5+ Rxf5 37. Nxf5 Qxf5 38. R1d5 Qf8 39. c4 Nf6 40. Qb1+ Kh6 41. R7d6 Qg7 42. Qc1 Re3 43. Qa1 Kg6 44. Qxf6+ Qxf6 45. Rxf6+ Kxf6 46. Rxa5 Rc3 1-0